[Event "tht Extraliga 16/17,BSS Frydek Mistek-SK Slavoj Poruba"]
[Site "Frydek-Mistek"]
[Date "2016.12.10"]
[Round "3.2"]
[White "Bobras, Piotr"]
[Black "Fedorov, Aleksei"]
[WhiteElo "2523"]
[BlackElo "2573"]
[Result "0-1"]

1. e4  c5  2. Nf3  e6
3. d4  cxd4  4. Nxd4
a6  5. Bd3  Ne7
6. O-O  Nbc6  7. c3  d5
8. Nxc6  Nxc6  9. exd5
Qxd5  10. Qe2  Qe5
11. Be3  Bc5  12. Nd2
Bxe3  13. Nc4  Qc5
14. Nxe3  O-O  15. Rad1
b5  16. Be4  Bb7
17. Rd7  Rab8  18. Rfd1
Ba8  19. Qc2  h6
20. b4  Qe5  21. Bf3
Rbc8  22. a3  Nb8
23. R7d4  Bxf3  24. gxf3
Nc6  25. Re4  Qh5
26. f4  Rfd8  27. Rxd8+
Rxd8  28. f5  exf5
29. Nxf5  g6  30. Ng3
Qf3  31. Re1  Rd3
32. c4  Nd4  33. Qc1
Qa8  34. Re7  Nf3+
35. Kf1  Qd8  0-1

[Event "tht Extraliga 16/17,BSS Frydek Mistek-SK Slavoj Poruba"]
[Site "Frydek-Mistek"]
[Date "2016.12.10"]
[Round "3.3"]
[White "Antoniewski, Rafal"]
[Black "Jakubowski, Krzysztof"]
[WhiteElo "2532"]
[BlackElo "2531"]
[Result "1/2-1/2"]

1. e4  c5  2. Nc3  a6
3. Nf3  b5  4. d4
cxd4  5. Nxd4  e6
6. Bd3  d6  7. O-O
Nf6  8. Re1  Be7
9. a4  b4  10. Na2
e5  11. Nf5  Bxf5
12. exf5  Nc6  13. c3
bxc3  14. bxc3  d5
15. Rb1  e4  16. Bf1
Qc8  17. Be3  O-O
18. g4  1/2-1/2

[Event "tht Extraliga 16/17,BSS Frydek Mistek-SK Slavoj Poruba"]
[Site "Frydek-Mistek"]
[Date "2016.12.10"]
[Round "3.4"]
[White "Cvek, Robert"]
[Black "Zwardon, Vojtech"]
[WhiteElo "2519"]
[BlackElo "2411"]
[Result "1-0"]

1. Nf3  c5  2. c4  g6
3. g3  Bg7  4. Bg2
Nc6  5. Nc3  d6
6. O-O  Bg4  7. a3  Qd7
8. Rb1  Bh3  9. b4
cxb4  10. axb4  h5
11. Bxh3  Qxh3  12. Nd5
h4  13. Nf4  Qd7
14. d4  g5  15. Nxg5
Qf5  16. d5  Qxb1
17. dxc6  bxc6  18. Qa4
Rc8  19. Qa6  Kd7
20. b5  cxb5  21. Nd5
bxc4  22. Qa4+  Rc6
23. Nb4  1-0

[Event "tht Extraliga 16/17,BSS Frydek Mistek-SK Slavoj Poruba"]
[Site "Frydek-Mistek"]
[Date "2016.12.10"]
[Round "3.5"]
[White "Rausis, Igors"]
[Black "Kanovsky, David"]
[WhiteElo "2599"]
[BlackElo "2410"]
[Result "1-0"]

1. Nf3  c5  2. c4  g6
3. d4  cxd4  4. Nxd4 Nf6
5. Nc3  Nc6  6. e4
Nxd4  7. Qxd4  d6
8. Be2 Bg7 9. Be3  O-O  10. Qd2
a5 11. O-O  a4  12. Rad1
Qa5  13. Bd4  Be6
14. f4 Qb4  15. a3  Qa5
16. Qe3  Rac8  17. Bb6
Qa8  18. c5  Nd7
19. cxd6  Nxb6  20. dxe7
Rfe8  21. Qxb6  Bxc3
22. bxc3  Rxe7  23. Rd6
Bb3  24. e5  Qb8
25. Bg4  Rce8  26. Bd7
Rf8  27. g3  Qa8
28. Rc1  Bc4  29. Rcd1
Bb3  30. R1d4  Qb8
31. c4  Kg7  32. Kf2
Kg8  33. R6d5  Qa8 34. Qb4 Rxd7
35. Rxd7 b5 36. cxb5 Qh1 37. Qe1 Qxh2+ 38. Ke3 Qb2 39. Rd8 Qxa3 40. Qc3 Qe7 41.
Qc8 1-0

[Event "tht Extraliga 16/17,BSS Frydek Mistek-SK Slavoj Poruba"]
[Site "Frydek-Mistek"]
[Date "2016.12.10"]
[Round "3.6"]
[White "Malinovsky, Karel"]
[Black "Rojicek, Vojtech"]
[WhiteElo "2455"]
[BlackElo "2411"]
[Result "1-0"]

1. e4  c6  2. d4  d5
3. Nc3  dxe4  4. Nxe4
Bf5  5. Ng3  Bg6
6. Nh3  e6  7. Nf4
Bd6  8. c3  Nf6
9. h4  Bxf4  10. Bxf4  h6
11. h5  Bh7  12. Qb3
Qb6  13. Qa3  Nbd7
14. Bd6  Qd8  15. Be2
Nb6  16. c4  Nc8
17. Be5  Ne7  18. O-O
O-O  19. Bxf6  gxf6
20. Qe3  Kg7  21. Rad1
Qa5  22. Bd3  Rad8
23. Bxh7  Kxh7  24. Ne4 Ng8 25.
Nc5  Qc7  26. Rd3  b6
27. Nb3  Ne7  28. Rfd1
Rg8  29. Nd2  Rg4
30. Ne4  Qf4  31. f3
Qxe3+  32. Rxe3 Rf4 33. g3  Rf5
34. Ra3  Kg7  35. Rxa7
Nc8  36. Ra8  Rxf3 37. Kg2
Rf5  38. Rxc8  Rxc8
39. Nd6  Ra8  40. Nxf5+
exf5  41. d5  cxd5
42. Rxd5  1-0

[Event "tht Extraliga 16/17,BSS Frydek Mistek-SK Slavoj Poruba"]
[Site "Frydek-Mistek"]
[Date "2016.12.10"]
[Round "3.7"]
[White "Szotkowski, Jakub"]
[Black "Caletka, Radomir"]
[WhiteElo "2390"]
[BlackElo "2393"]
[Result "1/2-1/2"]

1. d4  Nf6 2. c4  g6  3. g3
Bg7  4. Bg2  c5
5. Nf3  O-O  6. O-O cxd4  7. Nxd4
Nc6  8. Nc3  Ng4
9. e3  Nge5  10. b3
d6  11. h3  Bd7
12. Bb2  a6  13. Kh2  Rb8
14. Nc2  Bf5  15. e4
Bc8  16. f4  Nd7
17. Na4  b5  18. Bxg7
Kxg7  19. Nb2  Qb6
20. Qd2  Nf6  21. Rad1
h5  22. Ne3  e6
23. Qc3  Qc5  24. Nc2  Ne7
25. b4  Qc7  26. Rxd6
Qxd6  27. e5  Ne4
28. exd6+  Nxc3  29. dxe7
Re8  30. Rf3  Ne4
31. Rd3  Nf6  32. Nd4
bxc4  33. Nxc4  Bd7
34. Ne5  Rb6  35. Nxd7
Nxd7  36. Bc6  Rxe7
37. Bxd7  Rxd7  38. Nxe6+
Rxe6  39. Rxd7  Re2+
40. Kg1  Rxa2  41. Ra7
1/2-1/2

[Event "tht Extraliga 16/17,BSS Frydek Mistek-SK Slavoj Poruba"]
[Site "Frydek-Mistek"]
[Date "2016.12.10"]
[Round "3.8"]
[White "Adamek, Jiri"]
[Black "Jasny, Stanislav"]
[WhiteElo "2382"]
[BlackElo "2355"]
[Result "0-1"]

1. Nf3  c5  2. c4  g6
3. Nc3  Bg7  4. g3
Nc6  5. Bg2  e6
6. O-O  Nge7  7. a3  d5
8. cxd5  exd5  9. Rb1
O-O  10. d3  b6
11. Bd2  d4  12. Ne4  h6
13. Bf4  Be6  14. Bd6
f5  15. Bxe7  Nxe7
16. Ned2  Rc8  17. Qc2
b5  18. a4  a6
19. axb5  axb5  20. Ra1  Qb6
21. b3  Nd5  22. Ra3
Nb4  23. Qb2  Bd5
24. Rfa1  Rf7  25. Qc1
Re8  26. Bf1  g5
27. Ne1  Bb7  28. Ra7
Na6  29. Rxb7  Rxb7
30. g4  fxg4  31. Ne4
Rc7  32. Bg2  Nb4
33. f4  gxf3  34. Nxf3
Nd5  35. Nfxg5  hxg5
36. Qxg5  Ne3  37. Bh3
Qh6  38. Qxh6  Bxh6
39. Nf6+  Kf8  40. Nxe8
Kxe8  41. Ra8+  Ke7
42. Rb8  b4  43. Rc8
Rxc8  44. Bxc8  Bf4
45. Kf2  Bxh2  46. Kf3
Kd6  47. Kf2  Nc2
48. Ba6  Ke5  49. Kf3
Bf4  50. Bc4  Bd2
51. Bg8  Be3  52. Bh7
Na3  53. Bg8  Nb1
54. Kg4  Nd2  55. Bf7
c4  56. dxc4  Nxb3
0-1

[Event "tht Extraliga 16/17,Tatran Litovel-Labortech Ostrava"]
[Site "Litovel"]
[Date "2016.12.10"]
[Round "3.1"]
[White "Piorun, Kacper"]
[Black "Dziuba, Martin"]
[WhiteElo "2657"]
[BlackElo "2564"]
[Result "1-0"]

1. Nf3  d5  2. c4  d4 3. e3
Nc6  4. exd4  Nxd4
5. Nxd4  Qxd4  6. Nc3
c6  7. d3  Nh6
8. h3  g6  9. Be3  Qd8
10. g4  f5  11. Be2
Bg7  12. d4  Nf7
13. Qd2  Qa5  14. O-O-O
Be6  15. d5  Bxc3
16. Qxc3  Qxc3+  17. bxc3
Bd7  18. Rhe1  cxd5
19. Bf3  fxg4  20. Bxd5
Bc6  21. Bc5  e5
22. Bxc6+  bxc6  23. hxg4
Rd8  24. Rd4  Rxd4
25. cxd4  Kd7  26. dxe5
Ke6  27. f4  h5
28. f5+  gxf5  29. gxf5+  Kxf5
30. Rf1+  Kg6  31. e6
Nh6  32. Bf8  Nf5
33. Rxf5  1-0

[Event "tht Extraliga 16/17,Tatran Litovel-Labortech Ostrava"]
[Site "Litovel"]
[Date "2016.12.10"]
[Round "3.2"]
[White "Jakubiec, Artur"]
[Black "Kanarek, Marcel"]
[WhiteElo "2493"]
[BlackElo "2526"]
[Result "1/2-1/2"]

1. d4  Nf6  2. Bg5 e6 3. Nd2  h6
4. Bh4  d5  5. e3
Be7  6. Ngf3  O-O
7. Bd3  b6  8. c3
c5  9. Ne5  Nfd7
10. Bxe7  Qxe7  11. f4
Nxe5  12. fxe5  Ba6
13. Bxa6  Nxa6  14. O-O
Nb8  15. Qg4  Nd7
16. Rae1  f5  17. exf6
Rxf6  18. Rxf6  Nxf6
19. Qg3  Re8  20. Qe5
Nd7  21. Qc7  e5
22. Nf3  e4  23. Nd2
Nf6  24. Qxe7  Rxe7
25. b3  cxd4  26. exd4
b5  27. Nf1  Rc7
28. Rc1  Kf7  29. Ne3
Ke6  30. Kf2  Ne8
31. Ke2  Nd6  32. Kd2
Rf7  33. Ke2  Rc7
34. Kd2  Rf7  35. Ke2
Rc7  1/2-1/2

[Event "tht Extraliga 16/17,Tatran Litovel-Labortech Ostrava"]
[Site "Litovel"]
[Date "2016.12.10"]
[Round "3.3"]
[White "Zpevak, Pavel"]
[Black "Pakleza, Zbigniew"]
[WhiteElo "2355"]
[BlackElo "2483"]
[Result "1/2-1/2"]

1. d4  Nf6  2. Nf3  g6
3. c4  Bg7  4. Nc3
O-O  5. Bg5  d6
6. e3  c5  7. Be2 h6  8. Bh4
Qb6  9. O-O  g5
10. Bg3  Bf5  11. Bd3  Bg4
12. Be2  Nc6  13. d5
Na5  14. Qc2  e6
15. Rad1  Rad8  16. b3
exd5  17. cxd5  Rfe8
18. h3  Bh5  19. Rfe1
Qb4  20. Rc1  a6
21. Nd2  Bxe2  22. Rxe2
b5  23. a3  Qxa3
24. Ree1  c4  25. Ra1
cxb3  26. Rxa3  bxc2
27. Rxa5  Rc8  28. Ne2
Nxd5  29. Rxa6  Bb2
30. Rxd6  Nc3  31. Nb3
Nxe2+  32. Rxe2  Re6
33. Kf1  Ba3  34. Rxe6 fxe6 35.
Be5  b4  36. Rd2  c1=Q+
37. Nxc1  Rxc1+  38. Ke2
b3  39. Rd8+  Kf7
40. Rd2  Rc2  41. Kd3
Rc5  42. Ke4  Ke8
43. Bb2  Bxb2  1/2-1/2

[Event "tht Extraliga 16/17,Tatran Litovel-Labortech Ostrava"]
[Site "Litovel"]
[Date "2016.12.10"]
[Round "3.4"]
[White "Rasik, Vitezslav"]
[Black "Rosko, Lubos"]
[WhiteElo "2448"]
[BlackElo "2357"]
[Result "1-0"]

1. e4  c5  2. Nf3  Nc6
3. Bb5  d6  4. O-O
Bd7  5. c3  Nf6
6. Re1  a6 7. Ba4 b5  8. Bc2  e5
9. d4  cxd4  10. cxd4
Bg4  11. d5  Nd4
12. Nbd2  Nxc2  13. Qxc2
Be7  14. h3  Bd7
15. Nb3  a5  16. Bd2
O-O  17. Rac1  a4 18. Na1
Qb6  19. Bb4  Rac8
20. Qe2  Rxc1  21. Rxc1
Re8  22. Nc2  g6
23. Nce1  Bf8  24. Bd2
Rc8  25. Rxc8  Bxc8
26. Bg5  Be7  27. Qc2
Bd7  28. Be3  Qb7
29. Nd2  Bd8  30. Nd3
Qc7  31. Qxc7  Bxc7
32. f3  Ba5  33. Kf2
Ne8  34. b4  axb3
35. axb3  f5  36. b4
Bd8  37. Nb1  Nf6
38. Nc3  Kf7  39. Ne1
Ne8  40. Nc2 f4  41. Ba7
Nc7  42. Bb6  Ke8
43. Bxc7  Bxc7  44. Na3
Bb6+  45. Ke1  Ke7
46. Naxb5  Bg1  47. Na3
Kd8  48. Kd2  g5
49. Ncb5  Ke7  50. Nc7
h5  51. Ne6  Bxe6
52. dxe6 Kxe6  53. Nb5  Kd7
54. Kd3 Kc6  55. Kc4  Bf2
56. Nc3  Bd4  57. Nd5
Bf2  58. Nf6  h4
59. Nh7  Bb6  60. Nxg5
Kd7  61. Kd5  Be3
62. Ne6  Bf2  63. Ng7
1-0

[Event "tht Extraliga 16/17,Tatran Litovel-Labortech Ostrava"]
[Site "Litovel"]
[Date "2016.12.10"]
[Round "3.5"]
[White "Studnicka, Tomas"]
[Black "Kociscak, Jiri"]
[WhiteElo "2329"]
[BlackElo "2478"]
[Result "0-1"]

1. Nf3  Nf6  2. c4  c5
3. Nc3 Nc6  4. g3  g6
5. Bg2  Bg7  6. O-O
O-O  7. d4  cxd4
8. Nxd4  Nxd4  9. Qxd4
d6  10. Qd3  a6
11. Bd2  Bf5  12. e4  Be6
13. Rac1  Nd7  14. b3
Rb8  15. h3  f5
16. Rfe1  b5  17. cxb5  axb5
18. Qe2  Nc5  19. exf5
Bxf5  20. g4  Be6
21. Nd5  Bxd5  22. Bxd5+
e6  23. Bxe6+  Kh8
24. Bd5  Qh4  25. Bg2
Ne6  26. Bc3  Bxc3
27. Rxc3  Nf4  28. Qe7
Nxg2  29. Kxg2  Qxf2+
30. Kh1  Ra8  31. Re2
Qf1+  32. Kh2  Rf2+
33. Rxf2  Qxf2+  34. Kh1
Qf1+  35. Kh2 Rxa2+  36. Kg3
Qf2#  0-1

[Event "tht Extraliga 16/17,Tatran Litovel-Labortech Ostrava"]
[Site "Litovel"]
[Date "2016.12.10"]
[Round "3.6"]
[White "Velicka, Petr"]
[Black "Butkiewicz, Lukasz"]
[WhiteElo "2437"]
[BlackElo "2447"]
[Result "1/2-1/2"]

1. e4  c5  2. Nf3  e6
3. d4  cxd4  4. Nxd4
Nc6  5. Nb5  d6
6. c4  Nf6  7. N1c3  a6
8. Na3  Be7 9. Be2  O-O 10. O-O
b6 11. f4 d5  12. cxd5  exd5
13. e5  Bc5+  14. Kh1
Ne4  15. Nxe4  dxe4
16. Nc2  Bb7  17. Be3
Qe7  18. Qe1  Rad8
19. Rd1  Rxd1  20. Qxd1
Rd8  21. Qc1  1/2-1/2

[Event "tht Extraliga 16/17,Tatran Litovel-Labortech Ostrava"]
[Site "Litovel"]
[Date "2016.12.10"]
[Round "3.7"]
[White "Kuchynka, Lukas"]
[Black "Biolek, Richard"]
[WhiteElo "2277"]
[BlackElo "2452"]
[Result "0-1"]

1. e4  d6  2. d4  Nf6
3. Nc3  g6  4. Be3
Bg7  5. Qd2 c6 6. f3  b5
7. O-O-O  Nbd7  8. g4
Qa5  9. Kb1  Rb8
10. h4  Nb6  11. Nd5
Qxd2  12. Nxf6+  Bxf6
13. Rxd2  h5  14. g5
Bg7  15. Bd3  Be6
16. f4  Nc4  17. Bxc4
bxc4  18. Ne2  d5
19. Nc3  dxe4  20. Re1
Bd5  21. Bf2  Kd7
22. Kc1  e6  23. Nxe4
Bxe4  24. Rxe4  Rb5
25. Re3  Bf8  26. b3
cxb3  27. Rxb3  Bd6
28. Be3  Rhb8  29. Kb2
Rxb3+  30. axb3  a5
31. Rd1  Rb5  32. c4
Rf5  33. Rf1  Ke7 34. c5
Bc7  35. Rf2  f6
36. gxf6+  Kxf6  37. Kc3
Rd5  38. Kd3  Kf5
39. Rg2  Bd8  40. Bd2
Bxh4  41. Bxa5  Bf6
42. Bc3  h4  43. b4
Rd8  44. Ke3  h3
45. Rc2  Rh8  46. Rh2
Kg4  47. Be1  Rd8
0-1

[Event "tht Extraliga 16/17,Tatran Litovel-Labortech Ostrava"]
[Site "Litovel"]
[Date "2016.12.10"]
[Round "3.8"]
[White "Talla, Vladimir"]
[Black "Straka, Vojtech"]
[WhiteElo "2437"]
[BlackElo "2358"]
[Result "1-0"]

1. d4 d5 2. c4 c6 3. Nf3 Nf6 4. e3 e6 5. b3 Nbd7 6. Bb2 Bd6 7. Bd3 Qe7 8. O-O e5
9. dxe5 Nxe5 10. Nxe5 Bxe5 11. Bxe5 Qxe5 12. Nd2 Bg4 13. Qc2 Rd8 14. h3 Bc8 15.
Rad1 O-O 16. cxd5 Qxd5 17. Nc4 Qh5 18. e4 c5 19. f4 Qh4 20. Ne5 b6 21. Nc6 Rd7
22. Ne5 Rdd8 23. Bc4 Rxd1 24. Qxd1 Be6 25. Bxe6 fxe6 26. Qd6 Re8 27. Qc7 Qg3 28.
Qf7+ Kh8 29. Ng4 Rg8 30. Nxf6 gxf6 31. Qxf6+ Rg7 32. Qf8+ Rg8 33. Qf6+ Rg7 34.
Rf2 Qe3 35. Qf8+ Rg8 36. Qf6+ Rg7 37. Qxe6 Qe1+ 38. Rf1 Qe2 39. Qe8+ Rg8 40. Qe5+
Rg7 41. g4 h6 42. f5 Qe3+ 43. Kg2 Qg5 44. Qf4 1-0

[Event "tht Extraliga 16/17,Unichess-SK AD Jicin"]
[Site "Praha"]
[Date "2016.12.10"]
[Round "3.1"]
[White "Michalik, Peter"]
[Black "Sethuraman, S.P."]
[WhiteElo "2551"]
[BlackElo "2647"]
[Result "1-0"]

1. e4  c5  2. Nf3  d6
3. d4  cxd4  4. Nxd4
Nf6  5. f3  e5
6. Nb3  Be6  7. c4  Nbd7
8. Be3  Rc8  9. Nc3
Bxc4  10. Bxc4  Rxc4
11. Qd3  Rc8  12. O-O-O
a6  13. g4  b5
14. Kb1  b4  15. Nd5  Nxd5
16. Qxd5  Be7  17. Na5
Nf6  18. Qb7  Qd7
19. g5  Nh5  20. Qxa6
O-O  21. Nc4  Ra8
22. Nb6  Rxa6  23. Nxd7
Re8  24. h4  Bd8
25. Nb8  Ra8  26. Nc6
f5  27. gxf6  Bxf6
28. Rxd6  Ng3  29. Rh3
Ne2  30. Rd2  Rec8
31. Rd6  Rc7  32. Nxb4
Rac8  33. Rd1  Kf7
34. Rh2  Ng3  35. h5
Rb7  36. Nd5  g6
37. hxg6+  hxg6  38. Nxf6
Kxf6  39. Rd6+  Kg7
40. Rg2  Rc3  41. Rxg3
Rxe3  42. Rgxg6+  Kh7
43. Rh6+  Kg7  44. Rdg6+
Kf7  45. Rh7+  Kxg6
46. Rxb7  Rxf3  47. a4
Re3  48. Rb4  Kg5
49. a5  Kf4  50. a6
Re1+  51. Ka2  1-0

[Event "tht Extraliga 16/17,Unichess-SK AD Jicin"]
[Site "Praha"]
[Date "2016.12.10"]
[Round "3.2"]
[White "Socko, Bartosz"]
[Black "Cernousek, Lukas"]
[WhiteElo "2613"]
[BlackElo "2463"]
[Result "1/2-1/2"]

1. d4  Nf6  2. c4  g6
3. Nc3  d5  4. Bf4
Bg7  5. e3  O-O
6. Rc1  c5  7. dxc5  Be6
8. Nge2  Nc6  9. cxd5
Nxd5  10. Nxd5  Qxd5
11. Qxd5  Bxd5  12. Nc3
Bxc3+  13. Rxc3  Bxa2
14. Bb5  Be6  15. Ke2
Rac8  16. Rd1  f6
17. f3  Rfd8  18. Rxd8+
Rxd8  19. g4 Nb4 20. e4 Nc6 21. Ke3 g5 22. Bg3
Ne5 23. Be2 Nc6 24. h4 h6 25. h5 Rd4 26. Be1 Rb4 27. Rc2 Nd4 28. Rd2 Nc6 29. Rd8+
Nxd8 30. Bxb4 Nc6 31. Bc3 Ne5 32. b4 a6 33. b5 axb5 34. Bxb5 Bd7 35. Be2 Kf7 36.
Bb2 Nc6 37. Bc4+ Kg7 38. Bc3 e5 39. Bd5 Kf8 40. Kd3 Ke7 41. Kc4 Kd8 42. Bxc6
1/2-1/2

[Event "tht Extraliga 16/17,Unichess-SK AD Jicin"]
[Site "Praha"]
[Date "2016.12.10"]
[Round "3.3"]
[White "Bernasek, Jan"]
[Black "Bulski, Krzysztof"]
[WhiteElo "2503"]
[BlackElo "2519"]
[Result "1-0"]

1. d4  d5  2. c4  c6
3. Nf3  Nf6  4. e3
Bg4  5. h3  Bh5
6. Nc3  e6  7. g4  Bg6
8. Ne5  Nbd7  9. h4
dxc4  10. Nxg6  hxg6
11. Bxc4  Nd5  12. g5
a6  13. e4  Nxc3
14. bxc3  c5  15. Kf1
Qa5  16. Bd2  Rd8
17. Kg2  cxd4  18. cxd4
Bb4  19. Be3  b5
20. Bb3  Nc5  21. Qf3
Nxb3  22. axb3  Qb6
23. d5  Qd6  24. Rad1
exd5  25. exd5  Qd7
26. Rd4  Bd6  27. Re4+
Kf8  28. Rc1  Kg8
29. Rc6  Bf8  30. Rd4
a5  31. d6  Qb7
32. Qd5  Rd7  33. Kh3  a4
34. bxa4  bxa4  35. Rxa4
Rd8  36. Ra7  Qb1
37. Rc1  Qb4  38. Qxf7+
Kh7  39. Bf4  Qd4
40. Bg3  Rg8  41. h5
Qe4  42. f3  1-0

[Event "tht Extraliga 16/17,Unichess-SK AD Jicin"]
[Site "Praha"]
[Date "2016.12.10"]
[Round "3.4"]
[White "Bures, Jaroslav"]
[Black "Jirka, Jiri"]
[WhiteElo "2388"]
[BlackElo "2431"]
[Result "1/2-1/2"]

1. d4  d5  2. c4  c6
3. cxd5  cxd5  4. Nc3
Nf6  5. Nf3  Nc6
6. Bf4  a6  7. Rc1
Ne4  8. a3  e6
9. e3  Nd6  10. Ne5  Be7
11. Nxc6  bxc6  12. Bd3
O-O  13. Na4  Qa5+
14. b4  Qd8  15. Rxc6
a5  16. O-O  Bd7
17. Ra6  Rxa6  18. Bxa6
Nc4  19. Bxc4  dxc4
20. Nc5  axb4  21. axb4
Bc6  22. Qc2  Qd5
23. f3  Ra8  24. Qc3
Bb5  25. Ra1  h6
26. Be5  Bg5  27. Rxa8+
Qxa8  28. Ne4  Be7
29. Bd6  Bd8  30. Qb2
Qa6  31. Bc5  Ba4
32. Qa3  c3  33. Qxc3
f5  34. Ng3  Bb5
35. Nh1  Qa2  36. Qc1
Bg5  37. f4  Bh4
38. g3  Bf6  39. Nf2
Be2  40. Qe1  Kh7
41. e4  1/2-1/2

[Event "tht Extraliga 16/17,Unichess-SK AD Jicin"]
[Site "Praha"]
[Date "2016.12.10"]
[Round "3.5"]
[White "Vavra, Pavel"]
[Black "Kraus, Tomas"]
[WhiteElo "2401"]
[BlackElo "2403"]
[Result "1/2-1/2"]

1. d4  Nf6  2. Bg5  d5
3. e3  c6  4. Bd3
Nbd7  5. Nf3  h6
6. Bh4  g5  7. Bg3
Nh5  8. c4  Nxg3
9. hxg3  e6  10. Nc3
Bg7  11. Qe2  O-O
12. cxd5  exd5  13. Bc2
f5  14. Ne5  Nxe5
15. dxe5  Bxe5  16. Rxh6
Bg7  17. Rh1  Qe8
18. g4  a5  19. Qf3
Qg6  20. Ne2  Qf6
21. gxf5  Qxb2  22. Rc1
Qb4+  23. Kf1  g4
24. Qg3  Bxf5  25. Rh4
Bxc2  26. Rxg4  Qb2
27. Rxc2  Qxc2  28. Rxg7+
Kh8  29. f3  Rg8
30. Rxg8+  Rxg8  31. Qh4+
Qh7  32. Qf6+  Qg7
33. Qh4+  Qh7  34. Qf6+
Qg7  35. Qh4+  1/2-1/2

[Event "tht Extraliga 16/17,Unichess-SK AD Jicin"]
[Site "Praha"]
[Date "2016.12.10"]
[Round "3.6"]
[White "Vykouk, Jan"]
[Black "Simek, Petr"]
[WhiteElo "2443"]
[BlackElo "2384"]
[Result "1/2-1/2"]

1. e4  e5  2. Nf3  Nc6
3. Bc4  Bc5  4. c3
Nf6  5. d4  exd4
6. cxd4  Bb4+  7. Bd2
Nxe4  8. Bxb4  Nxb4
9. Bxf7+  Kxf7  10. Qb3+
d5  11. Qxb4  Rf8
12. O-O  Kg8  13. Nc3
c5  14. Qb3  Rxf3
15. gxf3  c4  16. Qb5
Nxc3  17. bxc3  a6
18. Qb2  Bh3  19. Kh1
Qf6  20. Qe2  Bxf1
21. Rxf1  Rf8  22. Kg2
Qg6+  23. Kh1  Re8
24. Qd1  Qf5  25. Rg1
Re6  26. Rg3  Qd3
27. Qc1  Rb6  28. Qf4
Rb1+  29. Rg1  Rxg1+
30. Kxg1  Qb1+  31. Kg2
Qg6+  32. Kh1  Qb1+
33. Kg2  1/2-1/2

[Event "tht Extraliga 16/17,Unichess-SK AD Jicin"]
[Site "Praha"]
[Date "2016.12.10"]
[Round "3.7"]
[White "Kovar, Vojtech"]
[Black "Svoboda, Svatopluk"]
[WhiteElo "2348"]
[BlackElo "2448"]
[Result "1-0"]

1. d4  f5  2. g3  Nf6
3. Bg2  g6  4. b3
Bg7  5. Bb2  O-O
6. Nd2  d6  7. Ngf3
Nc6  8. O-O  Rb8
9. Qe1  Nb4  10. Qc1
Qe8  11. Re1  Kh8
12. c4  Nh5  13. Bc3
Nc6  14. d5  Nd8
15. Bxg7+  Kxg7  16. Qc3+
Nf6  17. e4  e5
18. dxe6  Qxe6  19. e5  dxe5
20. Rxe5  Qg8  21. Ng5
c6  22. Re7+  Nf7
23. Rae1  Kh6  24. h4
Nh5  25. Ndf3  Qg7
26. Ne5  1-0

[Event "tht Extraliga 16/17,Unichess-SK AD Jicin"]
[Site "Praha"]
[Date "2016.12.10"]
[Round "3.8"]
[White "Kourousis, Epaminondas"]
[Black "Jurcik, Martin"]
[WhiteElo "2380"]
[BlackElo "2341"]
[Result "1-0"]

1. d4  Nf6  2. c4  e6
3. Nf3  Bb4+  4. Nbd2
O-O  5. g3  d5
6. Bg2  c6  7. O-O  Nbd7
8. Qc2  b6  9. Qa4
Bxd2  10. Bxd2  Bb7
11. Rfc1  dxc4  12. Qxc4
c5  13. Bf4  Qe7
14. dxc5  Nxc5  15. b4
Na6  16. a3  Rac8
17. Qb3  Nb8  18. b5
Bd5  19. Qb4  Qb7
20. Be5  Nbd7  21. Bb2
Nc5  22. Bxf6  gxf6
23. Qg4+  Kh8  24. Qh4
Kg7  25. Qg4+  Kh8
26. Qh4  Kg7  27. Rd1
Nb3  28. Qg4+  Kh8
29. Rab1  Rc4  30. Qh5
Nc5  31. Qh6  Nd7
32. e4  1-0

[Event "tht Extraliga 16/17,Novy Bor-Rapid Pardubice"]
[Site "Praha"]
[Date "2016.12.10"]
[Round "3.1"]
[White "Navara, David"]
[Black "Rodshtein, Maxim"]
[WhiteElo "2725"]
[BlackElo "2695"]
[Result "1/2-1/2"]
[PlyCount "97"]

1. e4 e5 2. Nf3 Nc6 3. Bb5 Nf6 4. d3 Bc5 5. c3 O-O 6. O-O Re8 7. b4 Bb6 8. Bc4
d6 9. a4 a5 10. b5 Ne7 11. Qb3 d5 12. exd5 Nf5 13. Nbd2 Nd6 14. Ba3 Bf5 15.
Rae1 e4 16. dxe4 Nfxe4 17. Nxe4 Bxe4 18. Bxd6 Qxd6 19. Nd2 Bg6 20. Be2 Qc5 21.
Nc4 Qxd5 22. Bf3 Be4 23. Rxe4 Rxe4 24. Qc2 Qxc4 25. Bxe4 g6 26. Bxb7 Rd8 27.
Bf3 Qf4 28. Rd1 Rxd1+ 29. Bxd1 Kg7 30. g3 Qc4 31. Be2 Qd5 32. c4 Qd4 33. Bf3
Bc5 34. Kg2 Kf8 35. Qe2 Kg7 36. h4 h5 37. Bd5 Qf6 38. f4 Qc3 39. Qe8 Qc2+ 40.
Kh3 Qf5+ 41. Kh2 Qc2+ 42. Bg2 Qxc4 43. Qe5+ Kf8 44. f5 Bd4 45. Qf4 Kg7 46. Kh3
Qc5 47. fxg6 fxg6 48. Be4 Qe5 49. Qxe5+ 1/2-1/2

[Event "tht Extraliga 16/17,Novy Bor-Rapid Pardubice"]
[Site "Praha"]
[Date "2016.12.10"]
[Round "3.2"]
[White "Movsesian, Sergei"]
[Black "Wojtaszek, Radoslaw"]
[WhiteElo "2673"]
[BlackElo "2749"]
[Result "1/2-1/2"]
[PlyCount "70"]

1. e4 c5 2. Nf3 d6 3. Bb5+ Bd7 4. Bxd7+ Qxd7 5. c4 Nf6 6. Nc3 g6 7. d4 cxd4 8.
Nxd4 Bg7 9. f3 Qc7 10. b3 Qa5 11. Bb2 Nc6 12. O-O O-O 13. Kh1 a6 14. Nce2 Nxd4
15. Bc3 Qc7 16. Bxd4 b5 17. Rc1 Qb7 18. Qd3 bxc4 19. Rxc4 d5 20. exd5 Nxd5 21.
Bxg7 Kxg7 22. Rd4 Nf6 23. Rc1 Rac8 24. Rxc8 Rxc8 25. Rc4 Rb8 26. Qd4 Qd5 27.
Qxd5 Nxd5 28. Kg1 e6 29. Kf2 Kf6 30. Nc1 g5 31. g3 a5 32. a3 Ke5 33. Rc5 Ra8
34. Ke2 Kd6 35. Rc4 Ke5 1/2-1/2

[Event "tht Extraliga 16/17,Novy Bor-Rapid Pardubice"]
[Site "Praha"]
[Date "2016.12.10"]
[Round "3.3"]
[White "Shirov, Alexej"]
[Black "Dragun, Kamil"]
[WhiteElo "2673"]
[BlackElo "2620"]
[Result "1-0"]
[PlyCount "151"]

1. e4 e5 2. Nf3 Nc6 3. Bb5 a6 4. Ba4 Nf6 5. O-O Be7 6. Re1 b5 7. Bb3 d6 8. c3
O-O 9. h3 Nb8 10. d4 Nbd7 11. c4 c6 12. Qc2 Bb7 13. Nc3 exd4 14. Nxd4 b4 15.
Na4 c5 16. Nf5 Re8 17. Bf4 Bf8 18. f3 Ne5 19. Rad1 Qc7 20. Bg5 Re6 21. Ne3 Rae8
22. Qf2 h6 23. Bh4 Ng6 24. Nd5 Nxd5 25. cxd5 Re5 26. Bg3 R5e7 27. Bc2 Rd7 28.
f4 Qd8 29. b3 Be7 30. Nb2 Bf6 31. Nc4 Bc3 32. Re2 a5 33. Qf3 Nf8 34. a4 Ba6 35.
Bd3 Bb7 36. Kh2 Nh7 37. Ne3 Rc7 38. Bb5 Rf8 39. Nc4 Re7 40. f5 Re5 41. Bxe5
dxe5 42. g4 Ng5 43. Qg3 f6 44. h4 Nf7 45. d6 Bd4 46. d7 Qc7 47. g5 fxg5 48. f6
gxf6 49. Qf3 Kg7 50. h5 f5 51. Qxf5 Nh8 52. Qe6 Rf6 53. Qe7+ Nf7 54. Kg2 Rf4
55. Rf1 Qd8 56. Qxd8 Nxd8 57. Rxf4 exf4 58. Nxa5 g4 59. Re1 Ba8 60. Nc4 Kf6 61.
a5 Kg5 62. a6 Kh4 63. Nd2 Bc3 64. Rh1+ Kg5 65. Nf3+ Kf6 66. Rh4 gxf3+ 67. Kxf3
Be5 68. Rg4 Bc7 69. Bc4 Nc6 70. Rg8 Ne5+ 71. Kf2 Bxe4 72. d8=Q+ Bxd8 73. Rxd8
Ng4+ 74. Ke1 f3 75. a7 f2+ 76. Kf1 1-0